00684nam a2200169 a 4500001000900000005001700009008004100026040001300067050002400080100003600104245011100140260008200251300004800333504002900381650005200410651005200462BRCA_28820190320202939.0920730s1991 mx-a---##b---s000-0#spa-# aDLCcDLC 4aF1391.P8b.T47 19911 aTerán Bonilla, José Antonio10aLa extraña casa de San Luis Tehuiloyocanbun caso de magia y religióncJosé Antonio Terán Bonilla. a[Puebla]bGobierno del Estado de Puebla, Comisión Puebla V Centenarioc1991 a76 p.bil. (algunas a color), mapasc23 cm. aBibliografía: p. 73-7614aMagiazMéxico - San Luis Tehuiloyocan, Puebla 4aPuebla (México)xVida y costumbres religiosas